|
|
|
|
| LEADER |
00984nam a2200277 a 4500 |
| 001 |
14140062 |
| 008 |
090601s2007 maua b 001 0 eng d |
| 010 |
|
|
|a 2005935736
|
| 020 |
|
|
|a 061862676X (main student text)
|
| 020 |
|
|
|a 9780618626762
|
| 020 |
|
|
|a 0618721878 (Examination Copy)
|
| 020 |
|
|
|a 9780618721870
|
| 040 |
|
|
|a DLC
|c DLC
|
| 082 |
0 |
0 |
|a 657/.046
|2 22
|
| 100 |
1 |
|
|a Needles, Belverd E.
|
| 245 |
1 |
0 |
|a Financial accounting /
|c Belverd E. Needles, Marian Powers.
|
| 250 |
|
|
|a 9th ed.
|
| 260 |
|
|
|a Boston, MA :
|b Houghton Mifflin Co.,
|c c2007.
|
| 300 |
|
|
|a xxvii, 850 p. :
|b ill. ;
|c 29 cm.
|
| 504 |
|
|
|a Includes bibliographical references and index.
|
| 541 |
1 |
|
|e 00015848
|
| 650 |
|
0 |
|a Accounting.
|
| 700 |
1 |
|
|a Powers, Marian.
|
| 852 |
4 |
|
|a Ayesha Abed Library
|j General Shelf.
|
| 999 |
|
|
|c 1328
|d 1328
|
| 952 |
|
|
|0 0
|1 0
|2 ddc
|4 0
|6 657_046000000000000_NEE_2007
|7 0
|9 1210
|a BRACUL
|b BRACUL
|c GEN
|d 2009-06-25
|l 12
|m 67
|o 657.046 NEE
|p 3010015848
|r 2023-10-11
|s 2023-10-11
|t 1
|w 2009-06-25
|y BK
|